| 000 | 00831nab a2200253 u 4500 | ||
|---|---|---|---|
| 001 | 20240 | ||
| 003 | HDC | ||
| 007 | cr bn ---aaaaa | ||
| 008 | 210304c20121117xx dr|noo 0 a eng d | ||
| 040 | _aHDC | ||
| 245 | 0 | _aVietnam: Travel Company Taps Southeast Asia Halal Holiday Market | |
| 260 |
_a[No place] : _b[publisher not identified], _c2012 |
||
| 300 | _a1 online resource | ||
| 336 |
_atext _2rdacontent |
||
| 337 |
_acomputer _2rdamedia |
||
| 338 |
_aonline resource _2rdacarrier |
||
| 650 |
_aHalal holiday _918356 |
||
| 650 |
_amuslim tourists _9483 |
||
| 710 | _aHalal Focus | ||
| 856 | _zRequest full-text at [email protected] | ||
| 942 | _2lcc | ||
| 942 | _cNEWS | ||
| 942 | _kNWSO 006358 | ||
| 999 |
_c17556 _d17556 |
||